<?xml version="1.0" encoding="UTF-8"?><?xml-stylesheet type="text/xsl" href="static/style.xsl"?><OAI-PMH xmlns="http://www.openarchives.org/OAI/2.0/" xmlns:xsi="http://www.w3.org/2001/XMLSchema-instance" xsi:schemaLocation="http://www.openarchives.org/OAI/2.0/ http://www.openarchives.org/OAI/2.0/OAI-PMH.xsd"><responseDate>2026-06-05T21:43:04Z</responseDate><request verb="GetRecord" identifier="oai:riuma.uma.es:10630/24714" metadataPrefix="marc">https://riuma.uma.es/rest/oai/request</request><GetRecord><record><header><identifier>oai:riuma.uma.es:10630/24714</identifier><datestamp>2026-02-03T12:15:20Z</datestamp><setSpec>com_10630_2254</setSpec><setSpec>col_10630_37959</setSpec></header><metadata><record xmlns="http://www.loc.gov/MARC21/slim" xmlns:dcterms="http://purl.org/dc/terms/" xmlns:doc="http://www.lyncode.com/xoai" xmlns:xsi="http://www.w3.org/2001/XMLSchema-instance" xsi:schemaLocation="http://www.loc.gov/MARC21/slim http://www.loc.gov/standards/marcxml/schema/MARC21slim.xsd">
   <leader>00925njm 22002777a 4500</leader>
   <datafield ind2=" " ind1=" " tag="042">
      <subfield code="a">dc</subfield>
   </datafield>
   <datafield ind2=" " ind1=" " tag="720">
      <subfield code="a">Rodríguez-Rodríguez, Ignacio</subfield>
      <subfield code="e">author</subfield>
   </datafield>
   <datafield ind2=" " ind1=" " tag="720">
      <subfield code="a">Ortiz-García, Andrés</subfield>
      <subfield code="e">author</subfield>
   </datafield>
   <datafield ind2=" " ind1=" " tag="720">
      <subfield code="a">Formoso, Marco A.</subfield>
      <subfield code="e">author</subfield>
   </datafield>
   <datafield ind2=" " ind1=" " tag="720">
      <subfield code="a">Gallego-Molina, Nicolás J.</subfield>
      <subfield code="e">author</subfield>
   </datafield>
   <datafield ind2=" " ind1=" " tag="720">
      <subfield code="a">Luque-Vilaseca, Juan Luis</subfield>
      <subfield code="e">author</subfield>
   </datafield>
   <datafield ind2=" " ind1=" " tag="260">
      <subfield code="c">2022</subfield>
   </datafield>
   <datafield ind2=" " ind1=" " tag="520">
      <subfield code="a">Methods like Electroencephalography (EEG) and magnetoencephalogram (MEG) record brain oscillations and provide an invaluable insight into healthy and pathological brain function. These signals are helpful to study and achieve an objective and early diagnosis of neural disorders as Developmental Dyslexia (DD). An atypical oscillatory sampling could cause the characteristic phonological difficulties of dyslexia at one or more temporal rates; in this sense, measuring the EEG signal can help to make an early diagnosis of DD. The LEEDUCA study conducted a series of EEG experiments on children listening to amplitude modulated (AM) noise with slow-rhythmic prosodic (0.5–1 Hz) to detect differences in perception of oscillatory  ampling that could be associated with dyslexia. The evolution of each EEG channel has been studied in the frequency domain, obtaining the analytical phase using the Hilbert transform. Subsequently, the cause-effect relationships between channels in  ach subject have been reflected thanks to Granger causality, obtaining matrices that reflect the interaction between the different parts of the brain. Hence, each subject was classified as belonging or not to the control group or the experimental group. For this purpose, two ensemble classification algorithms were compared, showing that both can reach acceptable classifying  erformance in delta band with an accuracy up to 0.77, recall of 0.91 and AUC of 0.97 using Gradient Boosting classifier.</subfield>
   </datafield>
   <datafield ind1="8" ind2=" " tag="024">
      <subfield code="a">https://hdl.handle.net/10630/24714</subfield>
   </datafield>
   <datafield tag="653" ind2=" " ind1=" ">
      <subfield code="a">Dislexia</subfield>
   </datafield>
   <datafield tag="653" ind2=" " ind1=" ">
      <subfield code="a">Electroencefalografía</subfield>
   </datafield>
   <datafield ind2="0" ind1="0" tag="245">
      <subfield code="a">Inter-channel Granger Causality for Estimating EEG Phase Connectivity Patterns in Dyslexia</subfield>
   </datafield>
</record>
</metadata></record></GetRecord></OAI-PMH>